Statistics for UK Comedy/Sketch Show Catchphrases

Click here to take the quiz!

General Stats

  • This quiz has been taken 106 times
  • The average score is 11 of 20

Answer Stats

PhraseTV Show% Correct
"Luvvely jubbly"Only Fools and Horses
82%
"I have a cunning plan"Blackadder
77%
"The Bucket residence, the lady of the house speaking"Keeping Up Appearances
71%
"Computer says no"Little Britain
70%
"It's goodnight from me..." "...and it's goodnight from him"The Two Ronnies
70%
"I don't believe it!"One Foot in the Grave
69%
"Smeg head"Red Dwarf
66%
"Am I bovvered?"The Catherine Tate Show
63%
"Go on, go on, go on, go on"Father Ted
60%
"Listen very carefully, I shall say this only once."'Allo 'Allo!
59%
"You dirty old man"Steptoe and Son
57%
"I'm free!"Are You Being Served?
56%
"They don't like it up 'em!"Dad's Army
56%
"Suit you sir"The Fast Show
54%
"Ooh Betty!"Some Mother's Do 'Ave 'Em
53%
"Ooh, you are awful...but I like you!"The Dick Emery Show
39%
"Short, fat, hairy legs"Morecambe and Wise
27%
"There's an old African saying..."Desmond's
19%
"Silly old moo!"Till Death Us Do Part
17%
"Is it cos I is black?"Da Ali G Show
14%

Score Distribution

Percentile by Number Answered

Percent of People with Each Score

Your Score History

You have not taken this quiz